Religion Quiz

Random Religion or Islam Quiz
Score 0/6 Timer 01:30
0 Plays Today
% Correct
Christianity and Judaism
93.3%
Islam and Hinduism
91.1%
Shinto and Sikhism
85.3%
Jainism and Wicca
83.1%
Buddhism and Taoism
79.7%
Baha'i and Confucianism
67.3%
Remove Ads.
Support Sporcle.
Get the best of Sporcle when you Go Orange. This ad-free experience offers more features, more stats, and more fun while also helping to support Sporcle. Thank you for becoming a member.

You're not logged in!

Compare scores with friends on all Sporcle quizzes.
OR
Log In

Show Comments

Extras

Top Quizzes Today


Score Distribution

Your Account Isn't Verified!

In order to create a playlist on Sporcle, you need to verify the email address you used during registration. Go to your Sporcle Settings to finish the process.

Report this User

Report this user for behavior that violates our Community Guidelines.

Details: